Bundesligawappen am Umriss erkennen - Statistiken

Allgemein
  • Dieses Quiz wurde 95 mal gespielt
  • Das Durchschnittsergebnis liegt bei 16 aus 18
Antwortstatistiken
Bildquiz Antwort % Korrekt
1. FC Köln
99%
Werder Bremen
99%
Bayern München
97%
RB Leipzig
97%
Bayer Leverkusen
95%
Hamburger SV
95%
Borussia Dortmund
94%
SC Freiburg
94%
Union Berlin
94%
VfL Wolfsburg
94%
Borussia Mönchengladbach
93%
TSG Hoffenheim
91%
FC Augsburg
90%
FC St. Pauli
87%
VfB Stuttgart
86%
Eintracht Frankfurt
79%
1. FC Heidenheim
77%
1. FSV Mainz 05
77%
Keine übereinstimmenden Quizze gefunden
Verteilung der Resultate
Anzahl Personen mit jedem Resultat
Perzentil nach korrekt beantworteten Fragen
Ihre Resultats-Entwicklung
Sie haben dieses Quiz noch nicht gespielt